| 000 | 00360nam a2200133Ia 4500 | ||
|---|---|---|---|
| 008 | 240624s9999 xx 000 0 und d | ||
| 041 | _aeng | ||
| 082 | _a658.4092 PHI | ||
| 100 | _aPHILLIPS DONALD T | ||
| 245 | _aLINCOLN ON LEADERSHIP EXECUTIVE STRATEGI | ||
| 260 |
_c2009 _aNew York _bBusiness Plus |
||
| 300 | _axiv, : 193 : p. : cm. ; 20 | ||
| 365 |
_cRS _b20 |
||
| 999 |
_c14384 _d14384 |
||